Presentación de la revista "Art Teatral - 3" (Record no. 197362)
[ view plain ]
| 000 -LEADER | |
|---|---|
| campo de control de longitud fija | 02318nim a2200457 i 4500 |
| 001 - NÚMERO DE CONTROL | |
| campo de control | 197362 |
| 003 - IDENTIFICADOR DE NÚMERO DE CONTROL | |
| campo de control | ES-MaACL |
| 005 - FECHA Y HORA DE LA ÚLTIMA TRANSACCIÓN | |
| campo de control | 20250828062633.0 |
| 007 - CAMPO FIJO DE DESCRIPCIÓN FÍSICA--INFORMACIÓN GENERAL | |
| campo de control de longitud fija | ss lsnjlcipnne |
| 008 - DATOS DE LONGITUD FIJA--INFORMACIÓN GENERAL | |
| campo de control de longitud fija | 210525s1991 sp nnnn |||| 00| spa d |
| 040 ## - FUENTE DE CATALOGACIÓN | |
| Lengua de catalogación | spa |
| Centro/agencia transcriptor | ES-MaACL |
| 245 00 - MENCIÓN DEL TÍTULO | |
| Título | Presentación de la revista "Art Teatral - 3" |
| Medio | [Grabación sonora] / |
| Mención de responsabilidad, etc. | participan Luis Riaza, Lidia Falcón, Alberto Miralles, Vicente Molina Foix, Alfonso Vallejo, Carmen Resino, José Luis Alegre y Eduardo Galán ; presenta Eduardo Quiles ; abre el acto Lauro Olmo |
| 260 ## - PUBLICACIÓN, DISTRIBUCIÓN, ETC. | |
| Lugar de publicación, distribución, etc. | Madrid : |
| Nombre del editor, distribuidor, etc. | Ateneo de Madrid, |
| Fecha de publicación, distribución, etc. | 1991 |
| 300 ## - DESCRIPCIÓN FÍSICA | |
| Extensión | 1 casete (ca. 90 min) : |
| Otras características físicas | son. ; |
| Dimensiones | 11 cm |
| 490 1# - MENCIÓN DE SERIE | |
| Materiales especificados | Actos culturales en el Ateneo de Madrid |
| 511 ## - NOTA DE PARTICIPANTES O INTÉRPRETES | |
| Nota de participantes o intérpretes | Participan los autores teatrales Luis Riaza, Lidia Falcón, Alberto Miralles, Vicente Molina Foix, Alfonso Vallejo, Carmen Resino, José Luis Alegre y Eduardo Galán. Presenta la revista Eduardo Quiles, director de la misma. Abre el acto Lauro Olmo, director de la cátedra. |
| 518 ## - NOTA DE FECHA/HORA Y LUGAR DE UN ACONTECIMIENTO | |
| Nota de fecha/hora y lugar de un acontecimiento | Grabado el 6 de junio de 1991 en el Salón de Actos del Ateneo de Madrid. |
| 520 ## - RESUMEN, ETC. | |
| Sumario, etc. | Presentación de la revista "Art Teatral - 3", acto patrocinado por la Caja de Ahorros y Monte de Piedad de Madrid. |
| 540 ## - NOTA DE CONDICIONES DE USO Y REPRODUCCIÓN | |
| Condiciones de uso y reproducción | Documento inédito |
| 594 ## - Nota al título y mención de responsabilidad | |
| a | Datos basados en la invitación. |
| 610 20 - PUNTO DE ACCESO ADICIONAL DE MATERIA--NOMBRE DE ENTIDAD CORPORATIVA | |
| Nombre de entidad corporativa o nombre de jurisdicción como elemento de entrada | Ateneo de Madrid- |
| Subdivisión general | Actos culturales- |
| Subdivisión cronológica | 1991- |
| Subdivisión de forma | Grabaciones sonoras |
| 9 (RLIN) | 240452 |
| 650 #7 - PUNTO DE ACCESO ADICIONAL DE MATERIA--TÉRMINO DE MATERIA | |
| Término de materia o nombre geográfico como elemento de entrada | Teatro |
| Fuente del encabezamiento o término | embne |
| 9 (RLIN) | 17290 |
| 653 ## - TÉRMINO DE INDIZACIÓN--NO CONTROLADO | |
| Término no controlado | Archivo de la palabra |
| 700 0# - ENTRADA AGREGADA--NOMBRE PERSONAL | |
| 9 (RLIN) | 94621 |
| Nombre de persona | Quiles, Eduardo |
| Término indicativo de función/relación | presentador |
| 700 1# - ENTRADA AGREGADA--NOMBRE PERSONAL | |
| 9 (RLIN) | 86974 |
| Nombre de persona | Olmo, Lauro, |
| Término indicativo de función/relación | presentador |
| Fechas asociadas al nombre | 1922-1994 |
| 700 1# - ENTRADA AGREGADA--NOMBRE PERSONAL | |
| 9 (RLIN) | 96690 |
| Nombre de persona | Riaza, Luis |
| Término indicativo de función/relación | Orador |
| 700 1# - ENTRADA AGREGADA--NOMBRE PERSONAL | |
| 9 (RLIN) | 48707 |
| Nombre de persona | Falcón, Lidia, |
| Término indicativo de función/relación | Orador |
| Fechas asociadas al nombre | 1935- |
| 700 1# - ENTRADA AGREGADA--NOMBRE PERSONAL | |
| 9 (RLIN) | 81482 |
| Nombre de persona | Miralles, Alberto |
| Término indicativo de función/relación | Orador |
| 700 ## - ENTRADA AGREGADA--NOMBRE PERSONAL | |
| 9 (RLIN) | 235020 |
| Nombre de persona | Molina Foix, Vicente, |
| Término indicativo de función/relación | Orador |
| Fechas asociadas al nombre | 1946- |
| 700 1# - ENTRADA AGREGADA--NOMBRE PERSONAL | |
| 9 (RLIN) | 112831 |
| Nombre de persona | Vallejo, Alfonso, |
| Término indicativo de función/relación | Orador |
| Fechas asociadas al nombre | 1943- |
| 700 1# - ENTRADA AGREGADA--NOMBRE PERSONAL | |
| 9 (RLIN) | 96330 |
| Nombre de persona | Resino, Carmen |
| Término indicativo de función/relación | Orador |
| 700 0# - ENTRADA AGREGADA--NOMBRE PERSONAL | |
| 9 (RLIN) | 19668 |
| Nombre de persona | Alegre Cudós, José Luis, |
| Término indicativo de función/relación | Orador |
| Fechas asociadas al nombre | 1951-2022 |
| 700 1# - ENTRADA AGREGADA--NOMBRE PERSONAL | |
| 9 (RLIN) | 53286 |
| Nombre de persona | Galán, Eduardo |
| Término indicativo de función/relación | Orador |
| 710 2# - ENTRADA AGREGADA--NOMBRE DE ENTIDAD CORPORATIVA | |
| Nombre de entidad corporativa o nombre de jurisdicción como elemento de entrada | Ateneo de Madrid. |
| Unidad subordinada | Cátedra Valle-Inclán |
| Término indicativo de función/relación | Sede |
| 9 (RLIN) | 137505 |
| 710 0# - ENTRADA AGREGADA--NOMBRE DE ENTIDAD CORPORATIVA | |
| Nombre de entidad corporativa o nombre de jurisdicción como elemento de entrada | Monte de Piedad y Caja de Ahorros de Madrid |
| Término indicativo de función/relación | Patrocinador |
| 9 (RLIN) | 5765 |
| 830 #0 - PUNTO DE ACCESO ADICIONAL DE SERIE-TÍTULO UNIFORME | |
| Título uniforme | Actos culturales en el Ateneo de Madrid |
| 9 (RLIN) | 240237 |
| 852 ## - LOCALIZACIÓN | |
| Ubicación | ES-MaACL |
| Ubicación en estantería | Depósito Z |
| itemnumber | 205686 |
| 942 ## - ELEMENTOS DE ENTRADA SECUNDARIOS (KOHA) | |
| Fuente del sistema de clasificación o colocación | Clasificación decimal universal |
| Suprimir en OPAC | No |
| Tipo de ítem Koha | Casete |
| Estatus retirado | Estado de pérdida | Fuente del sistema de clasificación o colocación | Estado de daño | No para préstamo | Colección | Biblioteca de origen | Biblioteca actual | Ubicación en estantería | Fecha de adquisición | Total de préstamos | Signatura topográfica completa | Código de barras | Visto por última vez | Precio de reemplazo | Tipo de ítem Koha |
|---|---|---|---|---|---|---|---|---|---|---|---|---|---|---|---|
| Clasificación decimal universal | Archivo de la palabra | Biblioteca del Ateneo de Madrid | Biblioteca del Ateneo de Madrid | Depósito Z | 21/05/2025 | AP/1383 | 2025-0418 | 21/05/2025 | 21/05/2025 | Casete |
